000 00261nam a2200097Ia 4500
082 _aEJF SMIT
245 0 _aFurnace : death sentence
100 _a Smith, Alexander Gordon, London, 2009
_955555
942 _cBK
008 210817s9999 xx 000 0 und d
999 _c174661
_d174661